01098nam a2200289 a 450000500170000000800410001702000080005804100080006610000320007424500710010625000110017726000640018830000110025250001500026365300200041365300210043365300510045465300350050565300420054065300410058265300390062365300310066265300350069365300360072865300190076470000250078320240325113819.0100325t1996||||ag f |||| 001 0 spa d aS/N aspa1 aRomero Villanueva, Horacio. aHipertensión arterial en el anciano /cHoracio Romero Villanueva a1a ed. aBuenos Aires: bEdiciones Médicas Internacionales;c1996. a184 p. aRomero Villanueva, H. y Farah, R. A. (1996). Hipertensión arterial en el anciano. (1a ed.). Buenos Aires : Ediciones Médicas Internacionales. aEpidemiología aFisiopatología aEstudio de la tensión arterial en el anciano aHipertensión de origen renal aHipertensión de origen renovascular aHipertensión de origen suprarrenal aHipertensión arterial y diabetes aAutorregulación cerebral aTratamiento no farmacológico aRehabilitación cardiovascular aFarmacología1 aFarah, Rubén Angel